[Event "Game 1086 - Rated game, 5m + 3s"]
[Site "Beginners"]
[Date "2003.02.27"]
[Round "?"]
[White "Djordjoa"]
[Black "kmreese"]
[Result "1/2-1/2"]
[WhiteElo "1268"]
[BlackElo "1352"]
[Annotator "Stalemate"]
[PlyCount "99"]
[EventDate "2003.??.??"]

1. d4 d5 2. c4 Nf6 3. e3 Bf5 4. Nc3 c6
5. cxd5 cxd5 6. Nf3 Bg4 7. Be2 h5 8. h3 Bxf3
9. Bxf3 Nc6 10. a3 e5 11. O-O e4 12. Be2 Bd6
13. f3 exf3 14. Bxf3 Qc7 15. e4 dxe4 16. Nxe4 Nxe4
17. Bxe4 Rd8 18. Bd5 Rf8 19. Qe2+ Ne7 20. Bf3 Qb6
21. Qe4 f5 22. Qh4 f4 23. Qxh5+ Kd7 24. Qg4+ Nf5
25. Kh2 Qxd4 26. Rd1 Qf6 27. Rxd6+ Kxd6 28. Bxf4+ Kd7
29. Rd1+ Ke8 30. Re1+ Kd7 31. Rd1+ Ke8 32. Qh5+ g6
33. Rxd8+ Kxd8 34. Qg4 Rg8 35. Bg5 Qxg5 36. Qxg5+ Kc7
37. Be4 a5 38. Bxf5 Rd8 39. Qe7+ Kb6 40. Qxd8+ Ka7
41. Qd4+ b6 42. Qd7+ Ka6 43. Bxg6 a4 44. Bd3+ b5
45. g4 Ka5 46. g5 Kb6 47. g6 Kc5 48. g7 b4
49. g8=Q b3 50. Qgd8 {Stalemate} 1/2-1/2

[Event "Game 1087 - Rated game, 15m + 0s"]
[Site "Beginners"]
[Date "2003.02.27"]
[Round "?"]
[White "kmreese"]
[Black "Gotcha"]
[Result "1-0"]
[WhiteElo "1348"]
[BlackElo "1135"]
[Annotator "Black - Time"]
[PlyCount "79"]
[EventDate "2003.??.??"]

1. e4 b6 2. d4 Bb7 3. d5 d6 4. Bb5+ c6
5. dxc6 Bxc6 6. a4 a6 7. Bxc6+ Nxc6 8. Nc3 e5
9. Nd5 Nf6 10. Bg5 h6 11. h4 hxg5 12. Nxf6+ gxf6
13. h5 Qc7 14. Ne2 a5 15. c3 O-O-O 16. Ng3 Ne7
17. Qg4+ Qd7 18. Qf3 d5 19. exd5 Qxd5 20. Ne4 Bg7
21. O-O f5 22. c4 Qxe4 23. Qb3 Rd6 24. c5 bxc5
25. Rac1 Rd3 26. Rxc5+ Kd7 27. Qb5+ Nc6 28. Qb7+ Kd6
29. Rfc1 Nb4 30. Qc7+ Ke6 31. Rc6+ Qxc6 32. Rxc6+ Nxc6
33. Qxc6+ Rd6 34. Qc4+ Kf6 35. b4 axb4 36. a5 Rd1+
37. Kh2 Rxh5+ 38. Kg3 e4 39. Qc6+ Ke7 40. f3 {Black - Time} 1-0

[Event "Game 1088 - Rated game, 25m + 0s"]
[Site "Beginners"]
[Date "2003.02.27"]
[Round "?"]
[White "kadde"]
[Black "kmreese"]
[Result "0-1"]
[WhiteElo "1397"]
[BlackElo "1577"]
[Annotator "White - Resign"]
[PlyCount "58"]
[EventDate "2003.??.??"]

1. c3 d5 2. d4 Nf6 3. b4 Nc6 4. h3 Ne4
5. Be3 e5 6. Nf3 exd4 7. cxd4 Bxb4+ 8. Nfd2 Nc3
9. Nxc3 Bxc3 10. Rb1 Na5 11. Qa4+ c6 12. g4 Nc4
13. Bg2 b5 14. Qb3 Nxe3 15. fxe3 b4 16. a3 Ba6
17. axb4 Qh4+ 18. Kd1 Qf2 19. Qxc3 Qxe2+ 20. Kc1 Rc8
21. Bf3 Qb5 22. Qc5 Qa4 23. Qxa7 Qa3+ 24. Kd1 Be2+
25. Bxe2 Qxa7 26. Kc2 Rb8 27. Ra1 Qb6 28. Ra6 Qxb4
29. Rxc6 Qa4+ {White - Resign} 0-1

[Event "Game 1089 - Rated game, 10m + 1s"]
[Site "Beginners"]
[Date "2003.02.27"]
[Round "?"]
[White "kmreese"]
[Black "mattpick"]
[Result "1-0"]
[WhiteElo "1356"]
[BlackElo "1140"]
[PlyCount "51"]
[EventDate "2003.??.??"]

1. e4 e5 2. Nf3 d5 3. Nc3 d4 4. Nd5 c6
5. Nxe5 cxd5 6. Qf3 f6 7. Bb5+ Bd7 8. a4 Qa5
9. c3 Na6 10. Bxd7+ Kd8 11. Nf7+ Kxd7 12. Qf5+ Ke7
13. Nxh8 Nh6 14. Qf3 Nc5 15. b4 Qb6 16. bxc5 Qxc5
17. Ba3 Qxa3 18. Rxa3 Ke6 19. exd5+ Ke7 20. Qe4+ Kd7
21. Qe6+ Kc7 22. Rb3 g6 23. O-O Bg7 24. d6+ Kd8
25. Qe7+ Kc8 26. Qc7# 1-0

[Event "Game 1090 - Rated game, 15m + 0s"]
[Site "Main Playing Hall"]
[Date "2003.02.27"]
[Round "?"]
[White "wollecd"]
[Black "kmreese"]
[Result "0-1"]
[WhiteElo "1311"]
[BlackElo "1364"]
[Annotator "White - Resign"]
[PlyCount "52"]
[EventDate "2003.??.??"]

1. e4 c5 2. Nf3 d6 3. d4 cxd4 4. Nxd4 e5
5. Nf3 Nc6 6. Bb5 a6 7. Bxc6+ bxc6 8. Nc3 Nf6
9. Bg5 d5 10. exd5 Be7 11. dxc6 Qa5 12. Bxf6 Bxf6
13. O-O Bg4 14. Qd7+ Bxd7 15. cxd7+ Kxd7 16. Rad1+ Kc6
17. Rfe1 Rhe8 18. Nd5 Rad8 19. a3 Rxd5 20. Rxd5 Qxd5
21. h3 e4 22. Nh2 Bd4 23. c3 Bxf2+ 24. Kxf2 e3+
25. Rxe3 Qd2+ 26. Kf3 Qxe3+ {White - Resign} 0-1

[Event "Game 1094 - Rated game, 15m + 0s"]
[Site "Beginners"]
[Date "2003.02.28"]
[Round "?"]
[White "Candy Miller"]
[Black "kmreese"]
[Result "1-0"]
[WhiteElo "2174"]
[BlackElo "1407"]
[Annotator "Black - Resign"]
[PlyCount "55"]
[EventDate "2003.??.??"]

1. d4 d5 2. Nf3 Bf5 3. Nc3 e6 4. Bf4 a6
5. e3 Nf6 6. Bd3 g6 7. O-O Be7 8. Ne5 h6
9. Bxf5 gxf5 10. Qf3 h5 11. Rab1 h4 12. b4 Nh5
13. Ne2 h3 14. Qxh3 Bf6 15. Qf3 a5 16. bxa5 Rxa5
17. Rxb7 Bg5 18. Bxg5 f6 19. Nf4 fxg5 20. Nxe6 Qf6
21. Nxc7+ Kf8 22. Rxb8+ Kg7 23. Rxh8 g4 24. Rxh5 gxf3
25. Ne8+ Kf8 26. Nxf6 Ke7 27. Rb1 Kf8 28. Rb7 {Black - Resign} 1-0

[Event "Game 1095 - Rated game, 1m + 1s"]
[Site "Main Playing Hall"]
[Date "2003.02.28"]
[Round "?"]
[White "desiertomental"]
[Black "kmreese"]
[Result "1-0"]
[WhiteElo "1368"]
[BlackElo "1359"]
[Annotator "Black - Time"]
[PlyCount "35"]
[EventDate "2003.??.??"]

1. e4 e5 2. f4 exf4 3. Nf3 Nf6 4. Nc3 Bd6
5. Bc4 O-O 6. O-O Bc5+ 7. d4 Bb6 8. Bxf4 Nh5
9. Be3 d5 10. Nxd5 Be6 11. Nxb6 Bxc4 12. Nxa8 Bxf1
13. Qxf1 f5 14. e5 f4 15. Qc4+ Kh8 16. Bd2 Nc6
17. d5 Nxe5 18. Qxc7 {Black - Time} 1-0

[Event "Game 1096 - Rated game, 20m + 20s"]
[Site "Main Playing Hall"]
[Date "2003.02.28"]
[Round "?"]
[White "kmreese"]
[Black "dl"]
[Result "1-0"]
[WhiteElo "1613"]
[BlackElo "1602"]
[Annotator "Black - Resign"]
[PlyCount "103"]
[EventDate "2003.??.??"]

1. e4 c5 2. Bc4 Nc6 3. c3 g6 4. Nf3 Bg7
5. Ng5 Ne5 6. d3 Nxc4 7. dxc4 d6 8. O-O b6
9. f4 Bb7 10. Qa4+ Qd7 11. Qxd7+ Kxd7 12. Nxf7 Bxe4
13. Nxh8 Bxh8 14. Nd2 Bd3 15. Rf3 Bf5 16. Nf1 e5
17. fxe5 dxe5 18. Ne3 e4 19. Rf2 Ne7 20. g4 Be6
21. b4 Bxc3 22. Rb1 Bxb4 23. Bb2 Nc6 24. Rd1+ Nd4
25. Bxd4 cxd4 26. Rxd4+ Ke7 27. Rxe4 Bc5 28. Nd5+ Kd6
29. Ne3 Bxe3 30. Rxe3 Bxc4 31. Rf6+ Kd5 32. h4 Bxa2
33. Rd3+ Ke4 34. Rd1 b5 35. Kf2 Bc4 36. Re1+ Kd3
37. Rd6+ Kc2 38. Ke3 a5 39. Rdd1 a4 40. Rc1+ Kb3
41. Kd4 a3 42. Re3+ Ka4 43. Ra1 a2 44. Re4 Rd8+
45. Kc3 Rd3+ 46. Kc2 Rh3 47. Rxa2+ Ra3 48. Rb2 Ka5
49. Re8 Bd3+ 50. Kd2 b4 51. Ra8+ Kb5 52. Rxa3 {Black - Resign} 1-0

[Event "Game 1097 - Rated game, 15m + 0s"]
[Site "Beginners"]
[Date "2003.03.01"]
[Round "?"]
[White "Hanseat"]
[Black "kmreese"]
[Result "0-1"]
[WhiteElo "1601"]
[BlackElo "1407"]
[Annotator "White - Resign"]
[PlyCount "38"]
[EventDate "2003.??.??"]

1. d4 Nf6 2. c4 d5 3. cxd5 Nxd5 4. e4 Nb6
5. Nc3 e6 6. Nf3 c5 7. Be2 c4 8. O-O Nc6
9. d5 exd5 10. exd5 Nb4 11. Re1 Bc5 12. Bxc4+ Kf8
13. Bb3 Bg4 14. Be3 Bd6 15. Bxb6 Qxb6 16. h3 Bh5
17. Ne4 Bf4 18. g3 Bxf3 19. gxf4 Bxd1 {White - Resign} 0-1

[Event "Game 1098 - Rated game, 15m + 0s"]
[Site "Beginners"]
[Date "2003.03.01"]
[Round "?"]
[White "kmreese"]
[Black "jjy"]
[Result "1-0"]
[WhiteElo "1434"]
[BlackElo "1281"]
[Annotator "Black - Resign"]
[PlyCount "45"]
[EventDate "2003.??.??"]

1. e4 Nc6 2. f4 e5 3. Nf3 exf4 4. Bc4 Nf6
5. d4 Nxe4 6. O-O Bd6 7. Bxf7+ Kxf7 8. Nbd2 Re8
9. c3 Re6 10. d5 Rg6 11. dxc6 dxc6 12. Nxe4 Bc5+
13. Nd4 Bh3 14. Rxf4+ Kg8 15. Qb3+ Kh8 16. Nxc5 Qh4
17. Rxh4 Bxg2 18. Kf2 Rf8+ 19. Ke3 Re8+ 20. Kf2 Rf8+
21. Bf4 Rgf6 22. Kxg2 Rxf4 23. Rxf4 {Black - Resign} 1-0

[Event "Game 1099 - Rated game, 8m + 5s"]
[Site "Beginners"]
[Date "2003.03.01"]
[Round "?"]
[White "kmreese"]
[Black "CRO"]
[Result "1-0"]
[WhiteElo "1445"]
[BlackElo "1231"]
[PlyCount "89"]
[EventDate "2003.??.??"]

1. e4 d6 2. d4 Nc6 3. Bc4 Nxd4 4. Qxd4 Qd7
5. f4 e6 6. Nf3 e5 7. Qc3 Nf6 8. a4 Nxe4
9. Qe3 Nc5 10. Bb5 c6 11. Bc4 b5 12. axb5 cxb5
13. fxe5 bxc4 14. exd6+ Be7 15. dxe7 Qxe7 16. Ne5 f6
17. Nxc4 Ba6 18. Qxe7+ Kxe7 19. Nca3 Rad8 20. Nc3 Rd6
21. Be3 Re6 22. Nd5+ Kd6 23. O-O-O Re5 24. Nb4+ Ke7
25. Nc6+ Kf7 26. Nxe5+ fxe5 27. Bxc5 Rc8 28. Rd7+ Kg8
29. b4 Rf8 30. Bxf8 Kxf8 31. Rhd1 Bb5 32. Nxb5 a6
33. Rd8+ Kf7 34. Nd6+ Kg6 35. h4 e4 36. g4 e3
37. Ne4 e2 38. Re1 h5 39. g5 Kh7 40. Rxe2 a5
41. bxa5 Kg6 42. Rd6+ Kh7 43. Nf6+ gxf6 44. Re7+ Kg6
45. Rxf6# 1-0

[Event "Game 1100 - Rated game, 15m + 0s"]
[Site "Beginners"]
[Date "2003.03.01"]
[Round "?"]
[White "Robbie Williams"]
[Black "kmreese"]
[Result "0-1"]
[WhiteElo "1381"]
[BlackElo "1453"]
[Annotator "White - Time"]
[PlyCount "100"]
[EventDate "2003.??.??"]

1. d4 Nf6 2. Nc3 d5 3. Bg5 Nc6 4. e3 h6
5. Bh4 g5 6. Bg3 Ng4 7. h3 Nf6 8. Bb5 g4
9. hxg4 Bxg4 10. Bxc6+ bxc6 11. f3 Nh5 12. Nge2 Nxg3
13. Nxg3 Qd6 14. Nce2 Bc8 15. Qd3 Rg8 16. O-O-O Rxg3
17. Nxg3 Qxg3 18. Rd2 e6 19. Rh3 Qg5 20. g4 a5
21. Qc3 c5 22. dxc5 a4 23. a3 e5 24. Rxd5 Be6
25. Rxe5 Qg8 26. Qb4 Bg7 27. Qb5+ Kd8 28. Qb7 Rc8
29. Re4 Qh8 30. Rb4 Bd7 31. Rh1 Be5 32. Rd1 Ke8
33. f4 Bf6 34. Qd5 Be6 35. Qc6+ Kf8 36. Rxa4 Bxb2+
37. Kb1 Ba1 38. Qb5 Bxg4 39. c6 Bxd1 40. Qc5+ Kg7
41. Qb4 Rb8 42. Qxb8 Qxb8+ 43. Rb4 Qa7 44. Kxa1 Qxe3
45. Rb2 Qd4 46. Kb1 h5 47. Rb4 Qd5 48. c4 Qd3+
49. Ka2 Qc2+ 50. Rb2 Qxc4+ {White - Time} 0-1

[Event "Game 1102 - Rated game, 15m + 0s"]
[Site "Main Playing Hall"]
[Date "2003.03.01"]
[Round "?"]
[White "kmreese"]
[Black "Cminor"]
[Result "1-0"]
[WhiteElo "1467"]
[BlackElo "1307"]
[Annotator "Black - Time"]
[PlyCount "53"]
[EventDate "2003.??.??"]

1. e4 e6 2. d4 Nf6 3. Nc3 d5 4. e5 Nfd7
5. Bf4 Bb4 6. Qg4 O-O 7. Bh6 g6 8. Bxf8 Qxf8
9. Nf3 f5 10. Qh4 Be7 11. Ng5 h6 12. f4 hxg5
13. fxg5 Qg7 14. Bd3 c5 15. Nb5 Nc6 16. Nc7 Rb8
17. Nxe6 Qf7 18. Nf4 Nxd4 19. c3 Ne6 20. Nxd5 Bxg5
21. Qg3 Qg7 22. O-O Nxe5 23. Bc2 b5 24. Rae1 Nf7
25. h4 Bh6 26. Ne7+ Kf8 27. Nxf5 { Black - Time} 1-0

[Event "Game 1103 - Rated game, 15m + 0s"]
[Site "Main Playing Hall"]
[Date "2003.03.01"]
[Round "?"]
[White "Cminor"]
[Black "kmreese"]
[Result "1-0"]
[WhiteElo "1297"]
[BlackElo "1477"]
[Annotator "Black - Time"]
[PlyCount "59"]
[EventDate "2003.??.??"]

1. e4 c5 2. Nf3 d6 3. h3 e5 4. c3 Bd7
5. d4 exd4 6. cxd4 Nf6 7. Nc3 Nc6 8. dxc5 dxc5
9. a3 Na5 10. b4 Nc6 11. Nd5 cxb4 12. Qb3 Nxe4
13. axb4 Be6 14. Bc4 Bxd5 15. Bxd5 Bxb4+ 16. Bd2 Nxd2
17. Nxd2 Qe7+ 18. Kd1 O-O 19. Re1 Qf6 20. Ra2 Rad8
21. Qc4 a5 22. Re2 Ne5 23. Qb3 Rd7 24. Ne4 Qg6
25. f3 Rfd8 26. Kc2 Rc8+ 27. Kb1 h5 28. Rac2 Nc4
29. Rxc4 Rxc4 30. Qxc4 {Black - Time} 1-0

[Event "Game 1104 - Rated game, 15m + 0s"]
[Site "Main Playing Hall"]
[Date "2003.03.01"]
[Round "?"]
[White "KandraX"]
[Black "kmreese"]
[Result "1-0"]
[WhiteElo "1377"]
[BlackElo "1451"]
[Annotator "Black - Resign"]
[PlyCount "77"]
[EventDate "2003.??.??"]

1. Nf3 d5 2. g3 Nc6 3. Bg2 e5 4. d4 e4
5. Nfd2 f5 6. e3 Nf6 7. c4 Bb4 8. a3 Ba5
9. b4 dxc4 10. bxa5 Nxa5 11. Qa4+ Nc6 12. Nxc4 Bd7
13. Qc2 Ng4 14. O-O b5 15. d5 Ne7 16. d6 Nd5
17. Rd1 c6 18. h3 Ngf6 19. Ne5 O-O 20. Nxc6 Bxc6
21. Qxc6 Rc8 22. Qxb5 Qxd6 23. Bb2 Rb8 24. Qe2 h5
25. Nc3 Nb6 26. Rxd6 Ne8 27. Rg6 Rf6 28. Rxf6 Nxf6
29. Rd1 Rc8 30. Nb5 Nc4 31. Nd6 Rd8 32. Bxf6 Nxd6
33. Bxd8 Nf7 34. Qc4 a5 35. Qd5 a4 36. Qxf5 h4
37. Bxe4 Kf8 38. Rd7 Kg8 39. Qxf7+ { Black - Resign} 1-0

[Event "Game 1105 - Rated game, 8m + 0s"]
[Site "Beginners"]
[Date "2003.03.02"]
[Round "?"]
[White "kmreese"]
[Black "nett"]
[Result "0-1"]
[WhiteElo "1429"]
[BlackElo "1263"]
[PlyCount "66"]
[EventDate "2003.??.??"]

1. e4 c6 2. f4 d5 3. e5 e6 4. Bd3 Qh4+
5. g3 Qd8 6. Nf3 Ne7 7. O-O Nf5 8. Bxf5 exf5
9. d4 g6 10. Ng5 Be7 11. Re1 Nd7 12. e6 fxe6
13. Nxe6 Qb6 14. Ng7+ Kf7 15. Nxf5 gxf5 16. Qh5+ Kf8
17. Qxf5+ Nf6 18. Qe5 Qd8 19. f5 Rg8 20. Bh6+ Kf7
21. Nd2 Re8 22. Nf3 Bd6 23. Ng5+ Kg8 24. Nf7 Kxf7
25. Qxd6 Qxd6 26. Bf4 Qd7 27. g4 Nxg4 28. Rxe8 Qxe8
29. Bg5 Bxf5 30. b4 Qe2 31. Bh4 Qxh2+ 32. Kf1 Qxh4
33. Re1 Qf2# 0-1

[Event "Game 1107 - Rated game, 15m + 0s"]
[Site "Main Playing Hall"]
[Date "2003.03.02"]
[Round "?"]
[White "Flexxo"]
[Black "kmreese"]
[Result "1-0"]
[WhiteElo "1447"]
[BlackElo "1392"]
[Annotator "Black - Resign"]
[PlyCount "57"]
[EventDate "2003.??.??"]

1. b4 d5 2. Bb2 Nf6 3. e3 Bf5 4. b5 a6
5. a4 a5 6. c4 Ne4 7. Nc3 Nc5 8. d4 dxc4
9. dxc5 Qxd1+ 10. Rxd1 e6 11. Bxc4 Bxc5 12. Nf3 O-O
13. O-O Bg4 14. h3 Bf5 15. Nd4 Bxd4 16. Rxd4 c6
17. b6 c5 18. Rd2 Nc6 19. f3 Ne5 20. Be2 c4
21. f4 Ng6 22. Bxc4 Nh4 23. g4 Bg6 24. Kh2 Rac8
25. Bb5 Be4 26. Nxe4 f5 27. Ng5 fxg4 28. hxg4 Ng6
29. Nxe6 {Black - Resign} 1-0

[Event "Game 1108 - Rated game, 18m + 0s"]
[Site "Main Playing Hall"]
[Date "2003.03.02"]
[Round "?"]
[White "kmreese"]
[Black "Nebrija"]
[Result "0-1"]
[WhiteElo "1649"]
[BlackElo "1457"]
[Annotator "White - Resign"]
[PlyCount "64"]
[EventDate "2003.??.??"]

1. d4 g6 2. e4 d6 3. d5 Nf6 4. Nc3 c6
5. e5 Nxd5 6. Nxd5 cxd5 7. Nf3 dxe5 8. Nxe5 d4
9. Qf3 Qa5+ 10. Bd2 Qxe5+ 11. Be2 h5 12. O-O Bg4
13. Bb5+ Qxb5 14. Qe4 Be2 15. Rfe1 d3 16. c4 Qxb2
17. Rab1 Qxd2 18. Qxb7 e6 19. Qc8+ Ke7 20. Qc7+ Nd7
21. c5 Kf6 22. Qxd7 Be7 23. h4 Rhd8 24. Qc7 Rac8
25. Qg3 Rxc5 26. a4 Bd6 27. f4 Bxf4 28. Qf2 Rf5
29. g4 hxg4 30. Rb5 Bh2+ 31. Qxh2 Qe3+ 32. Kh1 Bf3+ { White - Resign} 0-1

[Event "Game 1109 - Rated game, 10m + 2s"]
[Site "Beginners"]
[Date "2003.03.04"]
[Round "?"]
[White "kmreese"]
[Black "cool.can"]
[Result "1-0"]
[WhiteElo "1377"]
[BlackElo "1397"]
[PlyCount "55"]
[EventDate "2003.??.??"]

1. e4 d5 2. f4 dxe4 3. Nc3 Nf6 4. d3 Bg4
5. Be2 exd3 6. cxd3 Nc6 7. Be3 Nd4 8. Bxg4 h5
9. Bxd4 Qxd4 10. Nf3 Qe3+ 11. Ne2 hxg4 12. Ne5 g3
13. Qa4+ c6 14. Nxc6 Qf2+ 15. Kd1 Qxg2 16. Ne5+ Kd8
17. Nxf7+ Kc8 18. Qc4+ Kd7 19. Ne5+ Kd8 20. Nf7+ Kd7
21. Kd2 Rc8 22. Ne5+ Kd8 23. Qd4+ Nd5 24. Rhg1 Qxh2
25. Qxd5+ Kc7 26. Rac1+ Kb8 27. Nd7+ Ka8 28. Rxc8# 1-0

[Event "Game 1111 - Rated game, 15m + 0s"]
[Site "Main Playing Hall"]
[Date "2003.03.06"]
[Round "?"]
[White "rag"]
[Black "kmreese"]
[Result "0-1"]
[WhiteElo "1266"]
[BlackElo "1396"]
[PlyCount "114"]
[EventDate "2003.??.??"]

1. d4 d5 2. Nf3 Bf5 3. e3 Nc6 4. c3 Nf6
5. Bd3 g6 6. Bb5 Ne4 7. Ne5 Nxf2 8. Kxf2 Qd6
9. Rf1 a6 10. Ba4 b5 11. Bb3 Nxe5 12. dxe5 Qxe5
13. Kg1 e6 14. Nd2 Bd6 15. Nf3 Qf6 16. Qd4 e5
17. Qxd5 Be6 18. Qc6+ Kf8 19. Bxe6 Kg7 20. Bh3 e4
21. Qxe4 Rae8 22. Qd4 Be5 23. Nxe5 Qxe5 24. Qxe5+ Rxe5
25. b3 Rd8 26. Ba3 Rxe3 27. Rae1 Red3 28. Bb4 h5
29. g3 f5 30. Bg2 h4 31. gxh4 Rh8 32. Rf4 Rh7
33. Re7+ Kh6 34. Rxh7+ Kxh7 35. Rf3 Rd1+ 36. Rf1 Rd2
37. c4 Rxa2 38. cxb5 axb5 39. Bc6 Rb2 40. Rf3 Rb1+
41. Kg2 Rb2+ 42. Kh3 Kh6 43. Bxb5 Kh5 44. Bc6 Ra2
45. Ba4 Re2 46. Ba5 Re4 47. Bxc7 Rxh4+ 48. Kg2 Kg5
49. Kf2 Rxh2+ 50. Ke3 Rh7 51. Bf4+ Kf6 52. Bd6 Rh8
53. Kf4 g5+ 54. Ke3 f4+ 55. Ke4 Rh4 56. Be5+ Ke6
57. Rc3 f3+ 0-1

[Event "Game 1112 - Rated game, 15m + 0s"]
[Site "Main Playing Hall"]
[Date "2003.03.06"]
[Round "?"]
[White "kmreese"]
[Black "rag"]
[Result "0-1"]
[WhiteElo "1396"]
[BlackElo "1266"]
[Annotator "White - Resign"]
[PlyCount "46"]
[EventDate "2003.??.??"]

1. e4 e5 2. Nf3 Nc6 3. Bc4 f6 4. c3 Bc5
5. b4 Bb6 6. b5 Na5 7. Na3 Ne7 8. O-O Nxc4
9. Nxc4 O-O 10. Ba3 Re8 11. d4 exd4 12. cxd4 d5
13. exd5 Nxd5 14. Qb3 Kh8 15. Nh4 Bxd4 16. Kh1 Bxa1
17. Rxa1 f5 18. Bb2 Qxh4 19. Ne5 Be6 20. Bd4 Qxd4
21. Re1 Qxf2 22. Qd1 Nf4 23. Rg1 Rad8 {White - Resign} 0-1

[Event "Game 1113 - Rated game, 15m + 0s"]
[Site "Main Playing Hall"]
[Date "2003.03.06"]
[Round "?"]
[White "rag"]
[Black "kmreese"]
[Result "1-0"]
[WhiteElo "1280"]
[BlackElo "1382"]
[Annotator "Black - Resign"]
[PlyCount "69"]
[EventDate "2003.??.??"]

1. d4 Nf6 2. Nf3 d5 3. e3 Bf5 4. Bd3 g6
5. O-O Bg7 6. Nbd2 Ng4 7. h3 Nf6 8. Nb3 Nc6
9. Nc5 Nh5 10. Nxb7 Qc8 11. Nc5 e5 12. Ba6 Qd8
13. g4 Nb4 14. Bd3 e4 15. Bb5+ Kf8 16. Ne5 Bxe5
17. dxe5 d4 18. gxf5 Qg5+ 19. Kh1 gxf5 20. Rg1 Qh4
21. Nd7+ Ke7 22. Bf1 Kxd7 23. Qxd4+ Kc8 24. Qxb4 a6
25. Qd2 f4 26. exf4 Rd8 27. Qe3 Rd1 28. Qxe4 Rxf1
29. Qxa8+ Kd7 30. Qd5+ Ke7 31. Qc5+ Ke6 32. Qc4+ Kf5
33. Qxf1 Nxf4 34. Bxf4 Kxf4 35. Qc4+ {Black - Resign} 1-0

[Event "Game 1115 - Rated game, 15m + 0s"]
[Site "Beginners"]
[Date "2003.03.06"]
[Round "?"]
[White "gutterpuke"]
[Black "kmreese"]
[Result "0-1"]
[WhiteElo "1193"]
[BlackElo "1371"]
[PlyCount "50"]
[EventDate "2003.??.??"]

1. e4 c5 2. Bc4 d6 3. Qf3 f6 4. d3 Nc6
5. Bf4 Nd4 6. Qd1 e5 7. Be3 Nc6 8. Nc3 f5
9. exf5 Bxf5 10. f3 Nf6 11. g4 Bd7 12. Nd5 b5
13. Bxb5 Nxd5 14. Bd2 Qh4+ 15. Ke2 Nd4+ 16. Kf1 Bxb5
17. c4 Nf4 18. cxb5 Nxd3 19. Be1 Qg5 20. Qxd3 d5
21. Bd2 Qh4 22. Qf5 Nxf5 23. gxf5 c4 24. b3 Bc5
25. Ne2 Qf2# 0-1

[Event "Game 1116 - Rated game, 0m + 4s"]
[Site "Beginners"]
[Date "2003.03.06"]
[Round "?"]
[White "kmreese"]
[Black "markster"]
[Result "1-0"]
[WhiteElo "1342"]
[BlackElo "1125"]
[PlyCount "59"]
[EventDate "2003.??.??"]

1. e4 e5 2. Nf3 Nf6 3. Bc4 Bc5 4. O-O O-O
5. Nxe5 d6 6. Nd3 Nxe4 7. Re1 Re8 8. Qf3 Qd7
9. Nc3 Nxc3 10. Rxe8+ Qxe8 11. dxc3 g6 12. Bg5 Bf5
13. Re1 Qf8 14. Be7 Qg7 15. Nxc5 dxc5 16. Bxc5 Na6
17. Qxb7 Qf8 18. Qxa6 Re8 19. Rxe8 Qxe8 20. Bxf7+ Kxf7
21. Qc4+ Kg7 22. Bd4+ Kh6 23. h4 Qe1+ 24. Kh2 Qc1
25. Be3+ g5 26. Bxc1 Bxc2 27. Qxc7 Kh5 28. g4+ Kxg4
29. Qg3+ Kh5 30. Qxg5# 1-0

[Event "Game 1117 - Rated game, 0m + 4s"]
[Site "Beginners"]
[Date "2003.03.06"]
[Round "?"]
[White "markster"]
[Black "kmreese"]
[Result "0-1"]
[WhiteElo "1117"]
[BlackElo "1350"]
[Annotator "White - Time"]
[PlyCount "54"]
[EventDate "2003.??.??"]

1. d4 d5 2. Nc3 Nc6 3. Bf4 Bg4 4. Nb5 Rc8
5. f3 Bf5 6. Qd2 Nf6 7. O-O-O e6 8. e4 dxe4
9. fxe4 Nxe4 10. Qe2 Bb4 11. c3 Bxc3 12. Nxc3 Nxc3
13. bxc3 Nxd4 14. cxd4 O-O 15. Qf3 c5 16. Qg3 Qa5
17. Bh6 cxd4+ 18. Bc4 Rxc4+ 19. Kb2 g6 20. Bxf8 Qb5+
21. Ka1 Rc2 22. Qb3 Rxa2+ 23. Kxa2 Qa5+ 24. Qa3 Qd5+
25. Qb3 Qxg2+ 26. Ne2 Qxe2+ 27. Ka1 Qe4 {White - Time} 0-1

[Event "Game 1118 - Rated game, 0m + 3s"]
[Site "Beginners"]
[Date "2003.03.06"]
[Round "?"]
[White "kmreese"]
[Black "markster"]
[Result "1-0"]
[WhiteElo "1357"]
[BlackElo "1110"]
[PlyCount "49"]
[EventDate "2003.??.??"]

1. e4 e5 2. Nf3 Nf6 3. Bc4 Bc5 4. O-O O-O
5. Nc3 d6 6. Re1 Nfd7 7. Kh1 Qf6 8. Be2 Qg6
9. g3 f5 10. exf5 Qxf5 11. Rf1 Nb6 12. Nb5 Rf7
13. Bd3 Qf6 14. Nxc7 Rxc7 15. Bxh7+ Kxh7 16. d4 exd4
17. Nxd4 Bxd4 18. Qh5+ Kg8 19. Bg5 Qg6 20. Qxg6 Bxf2
21. Rxf2 N8d7 22. Qf7+ Kh7 23. Raf1 Ne5 24. Qh5+ Kg8
25. Rf8# 1-0

[Event "Game 1119 - Rated game, 15m + 0s"]
[Site "Beginners"]
[Date "2003.03.07"]
[Round "?"]
[White "pianoforte"]
[Black "kmreese"]
[Result "0-1"]
[WhiteElo "1426"]
[BlackElo "1380"]
[Annotator "White - Resign"]
[PlyCount "58"]
[EventDate "2003.??.??"]

1. e4 c5 2. Nf3 d6 3. d4 Nd7 4. dxc5 Nxc5
5. Nc3 e6 6. Be3 d5 7. exd5 Qa5 8. Bd2 b5
9. Bxb5+ Bd7 10. Bxd7+ Nxd7 11. dxe6 fxe6 12. Nd5 Qxd5
13. O-O Rd8 14. Re1 e5 15. Bg5 Ne7 16. Qxd5 Nxd5
17. Bxd8 Kxd8 18. Rad1 Nf4 19. Nxe5 Bb4 20. c3 Bc5
21. Nf7+ Kc7 22. Nxh8 Nf6 23. b4 Bb6 24. Re7+ Kc6
25. Nf7 Ng4 26. Ne5+ Nxe5 27. Re8 Ng4 28. h3 Nxf2
29. Rf8 Nxd1+ {White - Resign} 0-1

[Event "Game 1121 - Rated game, 10m + 5s"]
[Site "Main Playing Hall"]
[Date "2003.03.07"]
[Round "?"]
[White "JChurchill"]
[Black "kmreese"]
[Result "0-1"]
[WhiteElo "1280"]
[BlackElo "1428"]
[PlyCount "72"]
[EventDate "2003.??.??"]

1. d4 d5 2. Bf4 Nf6 3. Nd2 Nc6 4. c3 g6
5. e3 Bg7 6. Bd3 Ng4 7. Qe2 O-O 8. h3 Nf6
9. Ngf3 a6 10. Ne5 Na5 11. h4 Nh5 12. g4 Nxf4
13. exf4 f6 14. h5 fxe5 15. hxg6 h6 16. f5 e4
17. Nxe4 dxe4 18. Bxe4 Re8 19. b4 Nc6 20. Rd1 e6
21. d5 exd5 22. Bxd5+ Kh8 23. f6 Rxe2+ 24. Kxe2 Bxg4+
25. f3 Qe8+ 26. Kf2 Bxf6 27. Rxh6+ Kg7 28. Rdh1 Bd4+
29. Kg3 Qe5+ 30. f4 Be3 31. Rh7+ Kf6 32. Rf7+ Kxg6
33. Rfh7 Bxf4+ 34. Kxg4 Qg5+ 35. Kf3 Qg3+ 36. Ke4 Qe3# 0-1

[Event "Game 1122 - Rated game, 10m + 5s"]
[Site "Main Playing Hall"]
[Date "2003.03.07"]
[Round "?"]
[White "kmreese"]
[Black "JChurchill"]
[Result "0-1"]
[WhiteElo "1439"]
[BlackElo "1270"]
[PlyCount "136"]
[EventDate "2003.??.??"]

1. e4 d5 2. exd5 Nf6 3. Nc3 e6 4. dxe6 Bxe6
5. Nf3 Qe7 6. d4 Bc4+ 7. Ne5 Ba6 8. Bxa6 Nxa6
9. Nb5 c5 10. O-O Rd8 11. Be3 Nb4 12. c3 Nbd5
13. Nxa7 cxd4 14. Nac6 bxc6 15. Bxd4 Qc7 16. Re1 Be7
17. Bc5 O-O 18. Bxe7 Qxe7 19. Nxc6 Qc5 20. Nxd8 Rxd8
21. c4 Qxc4 22. Rc1 Qxa2 23. Rc7 h5 24. Rc1 Qxb2
25. Re2 Qb6 26. Rb1 Nc3 27. Rxb6 Nxd1 28. Re1 Nc3
29. h3 Ncd5 30. Rd1 Ra8 31. Rd6 Nc7 32. R6d2 g5
33. Rb2 Ne6 34. Kf1 h4 35. Rdb1 Nd7 36. Ke1 Re8
37. Kd2 Ne5 38. Rc1 g4 39. hxg4 Nxg4 40. f3 Nf2
41. Rb5 Rd8+ 42. Kc3 Rc8+ 43. Kb2 Nd3+ 44. Kb1 Rxc1+
45. Ka2 Rc2+ 46. Kb3 Rxg2 47. Rb8+ Nf8 48. Kc4 Ne5+
49. Kd5 Nxf3 50. Rb1 Nd2 51. Rh1 Nf3 52. Ke4 Rf2
53. Ke3 Rh2 54. Rf1 Ng5 55. Rg1 Rh3+ 56. Ke2 f6
57. Kf2 Rf3+ 58. Ke2 Nfe6 59. Rh1 h3 60. Ra1 Nd4+
61. Ke1 Nc2+ 62. Kd2 Nxa1 63. Ke2 h2 64. Kd2 h1=Q
65. Ke2 Qh2+ 66. Ke1 Nc2+ 67. Kd1 Ne3+ 68. Ke1 Rf1# 0-1